| 000 | 00442cam a2200169ua 4500 | ||
|---|---|---|---|
| 003 | OSt | ||
| 008 | 240320b |||||||| |||| 00| 0 eng d | ||
| 020 | _a81 204 0500 5 | ||
| 041 | _aeng | ||
| 082 |
_a639.8 _bGHO/CO |
||
| 100 |
_aGhosh, S N . _96146 |
||
| 245 | _aCoastal aquaculture engineering / | ||
| 260 |
_aNew Delhi : _bOxford & IBH Publishing company , _c1991. |
||
| 300 | _a365 ; . | ||
| 700 | 1 |
_aBose, A N . _96147 |
|
| 942 | _cBK | ||
| 999 |
_c4816 _d4816 |
||